LEADER 01122nam a2200217 4500 001 000000367988 003 CaOOAMICUS 005 20260605113729.0 008 260605s1941 it 000 u ita r 040 $aSeMil$bita 100 1 $aCappa, Innocenzo <1875-1954>.$0(OLS)http://semarc/name/48553 245 10$aDon Luigi Orione padre dei poveri e servo di Dio /$cAvv. Innocenzo Cappa. 264 1$aVenezia :$bLibreria Emiliana Editrice,$c1941?. 300 $a19 p. ;$c24 cm 500 $aCommemorazione tenuta in Roma nell'aula Magna dello Angelicum il 25 marzo 1941-14. alla presenza dell'A.R. la principessa di Piemonte e degli Em.mi Cardinali Salotti, Fumasoni Biondi, Tedeschini e Caccia Dominioni 600 14$aOrione, Luigi .$0(OLS)http://semarc/subject/1661 850 $aSeMil 852 $aSeMil$W1$xVenegono$y1$m5D VIII 2/11$j272948$B258641$CSeMilBibl$Z2$F258641 $8M 996 $6245$aDon Luigi Orione padre dei poveri e servo di Dio$9(OLS)http://semarc/title/460023 996 $6264$aVenezia :$bLibreria Emiliana Editrice$9(OLS)http://semarc/publisher/63086